| 000 | 00000nam##2200000za#4500 |
| 001 | 9.536974 |
| 003 | CaOODSP |
| 005 | 20210615084550 |
| 007 | ta |
| 008 | 150406|2002||||xxc||||| f|0| 0 eng|d |
| 040 | |aCaOODSP|beng |
| 041 | |aeng |
| 041 | |afre |
| 043 | |an-cn--- |
| 086 | 1 |aYX3-2002/10 |
| 110 | 1 |aCanada.|bStatutes. |
| 245 | 10|aNunavut Waters and Nunavut Surface Rights Tribunal Act : |b(An Act respecting the water resources of Nunavut and the Nunavut Surface Rights Tribunal and to make consequential amendments to other Acts.) |
| 260 | |aOttawa - Ontario : |bStatutes |cAssented to 30th April 2002. |
| 300 | |a86p. ; |c28 cm. |
| 490 | 1 |aActs of the Parliament of Canada, 2002|vChapter 10 |
| 563 | |aProcessed |
| 590 | |a02-33|b2002-08-16 |
| 690 | 07|aCourts|2gcpds |
| 690 | 07|aNorthern Canada|2gcpds |
| 690 | 07|aSurface water|2gcpds |
| 792 | |tLoi sur les eaux du Nunavut et le Tribunal des droits de surface du Nunavut : |efre|w(CaOODSP)9.536975 |
| 830 | #0|aActs of the Parliament of Canada, 2002 ;|vChapter 10|w(CaOODSP)9.509742 |